| 000 | 00715nam a2200241 a 4500 | ||
|---|---|---|---|
| 008 | |||
| 020 | _a0869255479 (pbk.) | ||
| 049 | _aMAIN | ||
| 090 | _aHX526 GWA | ||
| 100 | 1 | _aGwarinda, Takawira C. | |
| 245 | 0 | 0 |
_aSocialism & education : _ban introduction / _cTakawira C. Gwarinda. |
| 260 |
_aHarare, Zimbabwe : _bCollege Press, _c1985. |
||
| 300 |
_a128 p. : _bill. ; _c21 cm. |
||
| 490 | 1 | _aNew directions in education. | |
| 500 | _aIncludes index. | ||
| 650 | 0 | _aSocialism and education. | |
| 740 | 0 | _aSocialism and education. | |
| 907 |
_a.b10127070 _b09-02-07 _c15-06-04 |
||
| 003 | |||
| 005 | 20230123133739.0 | ||
| 040 | _cNUST | ||
| 942 |
_cBOOKS _kHX526 GWA |
||
| 999 |
_c153952 _d153952 |
||